000 01284cam a2200325 i 4500
999 _c18138
_d18138
001 18138
003 Mx-PuUPA
005 20240410103508.0
008 140415s1992 mx d gr 001 0 spa d
020 _a9682606950
040 _aMx-PuUPA
_bspa
_cMx-PuUPA
_dMx-PuUPA
_erda
041 1 _aspa
_heng
100 1 _aKell, Walter Gerry,
_911461
_d1921-
_eautor
240 _aModern auditing.
_lEspañol
245 1 0 _aAuditoria moderna /
_cWalter G. Kell, Richard E. Ziegler ; consulting editor, William C. Boynton ; traucida por Alberto García Mendoza
250 _aPrimera edición
264 0 _aMéxico, D. F. :
_bCompañía Editorial Continental,
_c©1987
300 _a717 páginas :
_bilustraciones ;
_c25 cm
336 _atexto
_2rdacontent
_btxt
337 _asin medio
_2rdamedia
_bn
338 _avolumen
_2rdacarrier
_bnc
650 4 _aAuditoría
700 1 _aZiegler, Richard E. Ziegler,
_eautor
700 1 _aBoynton, William C.,
_eautor
700 1 _aGarcía Mendoza, Alberto,
_etraductor
_910594
765 0 8 _aKell, Walter Gerry,
_d[Lugar de publicación no identificado] : John Wiley & Sons, [Fecha de publicación no identificado]
_tModern auditing
_z0471877492
942 _2ddc
_cLI
_h657.45
_iK2915